[Event "Festival A Giugno"]
[Site "Milano ITA"]
[Date "2014.06.02"]
[Round "6"]
[White "Prevedello, Daniele"]
[Black "Cerioni, Armando"]
[WhiteElo "1815"]
[BlackElo "2006"]
[Result "1/2-1/2"]
[PlyCount "37"]
[EventDate "2014.05.29"]

1. d4 Nf6 2. c4 c5 3. Nf3 e6 4. Nc3 cxd4 5. Nxd4 Bb4 6. Qc2 Nc6 7. e3 O-O 8.
Be2 b6 9. O-O Bb7 10. b3 Rc8 11. Bb2 Nxd4 12. exd4 d5 13. Bf3 Ba6 14. Rfc1 dxc4
15. bxc4 Qd7 16. Ne4 Nxe4 17. Bxe4 Rxc4 18. Bxh7+ Kh8 19. Qe4 1/2-1/2

[Event "Festival A Giugno"]
[Site "Milano ITA"]
[Date "2014.06.02"]
[Round "6"]
[White "Quagliarella, Sabino Remo"]
[Black "Bisignano, Giuseppe"]
[WhiteElo "1866"]
[BlackElo "1875"]
[Result "1-0"]
[PlyCount "85"]
[EventDate "2014.05.29"]

1. e4 e5 2. Nf3 Nc6 3. Bc4 Nf6 4. O-O Nxe4 5. d4 d5 6. Bb5 exd4 7. Nxd4 Bd7 8.
Nb3 Nf6 9. Nc3 a6 10. Re1+ Be7 11. Be2 Be6 12. Bf3 O-O 13. Bg5 d4 14. Bxf6 Bxf6
15. Ne4 Ne5 16. Nxf6+ Qxf6 17. Bxb7 Rad8 18. Qe2 Nc4 19. Nc5 Nd6 20. Nxe6 fxe6
21. Bxa6 Rde8 22. Bd3 e5 23. f3 c5 24. b3 Kh8 25. a4 Qg5 26. Rad1 Rf4 27. Qf2
e4 28. Qg3 h6 29. Qxg5 hxg5 30. fxe4 Nf7 31. Rf1 Ne5 32. Bb5 Re7 33. b4 Rxe4
34. bxc5 Nd7 35. c6 Nf6 36. h3 Kg8 37. Rf5 g4 38. hxg4 Rxg4 39. Bc4+ Kf8 40.
Rb1 Rge4 41. Rb8+ Re8 42. c7 Re1+ 43. Kf2 1-0

[Event "Festival B Giugno"]
[Site "Milano ITA"]
[Date "2014.05.29"]
[Round "1"]
[White "Aloe, Giancarlo"]
[Black "Rigotti, Gianluigi"]
[WhiteElo "1693"]
[BlackElo "1616"]
[Result "1-0"]
[PlyCount "111"]
[EventDate "2014.05.29"]

1. d4 Nf6 2. Nf3 d5 3. g3 e6 4. Bg2 g6 5. O-O Bg7 6. Nbd2 O-O 7. c4 c6 8. b3
Re8 9. Bb2 Nbd7 10. Rc1 Rb8 11. a3 b5 12. cxd5 exd5 13. Rxc6 a5 14. e3 b4 15.
axb4 axb4 16. Qc2 Nf8 17. Ne5 Bf5 18. Qc5 Ne6 19. Qd6 Qa5 20. Ra1 Qb5 21. Bf1
Qb7 22. Ba6 Qe7 23. Rac1 Bf8 24. Qxe7 Rxe7 25. Ndf3 Ra7 26. Nh4 Bh3 27. f3 Rba8
28. Bc8 Rxc8 29. Rxc8 Kg7 30. R8c6 Ra2 31. R1c2 g5 32. Ng2 Nd8 33. Rb6 Bf5 34.
Rf2 h5 35. Ne1 Nd7 36. Nxd7 Bxd7 37. Nd3 f6 38. Nxb4 Bxb4 39. Rxb4 Kg6 40. Rb6
Nf7 41. e4 Ra5 42. e5 Rb5 43. Rxb5 Bxb5 44. e6 Nd6 45. Ba3 Nf5 46. Bc5 Ng7 47.
e7 Kf7 48. Ra2 Nf5 49. Ra7 Be8 50. Kf2 Ng7 51. b4 Ne6 52. Ke3 f5 53. f4 g4 54.
Rb7 Ba4 55. b5 Ng7 56. e8=Q+ 1-0

[Event "Festival B Giugno"]
[Site "Milano ITA"]
[Date "2014.05.29"]
[Round "1"]
[White "Bracco, Valter"]
[Black "Di Paola, Antonio"]
[WhiteElo "1481"]
[BlackElo "1697"]
[Result "1/2-1/2"]
[PlyCount "49"]
[EventDate "2014.05.29"]

1. e4 c6 2. Nc3 d5 3. Nf3 Bg4 4. exd5 cxd5 5. h3 Bxf3 6. Qxf3 e6 7. d4 Nf6 8.
Bb5+ Nc6 9. O-O Be7 10. Qg3 Nh5 11. Qg4 Nf6 12. Qxg7 Rg8 13. Qh6 Rg6 14. Qe3
Qc7 15. Bd3 Rg8 16. Qf3 Nxd4 17. Qd1 Nc6 18. Re1 O-O-O 19. a3 a6 20. b4 b5 21.
Bd2 Qb6 22. a4 Nxb4 23. axb5 a5 24. Na4 Qd4 25. Be3 1/2-1/2

[Event "Festival B Giugno"]
[Site "Milano ITA"]
[Date "2014.05.29"]
[Round "1"]
[White "Campa, Livio"]
[Black "Calabrese, Maurizio"]
[WhiteElo "1296"]
[BlackElo "1418"]
[Result "1-0"]
[PlyCount "39"]
[EventDate "2014.05.29"]

1. c4 Nc6 2. g3 b6 3. Bg2 Bb7 4. Nc3 Nf6 5. d4 d6 6. Bg5 Qc8 7. Nf3 Nd7 8. O-O
f6 9. Bd2 Rb8 10. e4 Ba8 11. Re1 e5 12. d5 Nb4 13. Be3 Be7 14. a3 Na6 15. Bh3
Qd8 16. Nh4 Nf8 17. Nf5 c6 18. Nxg7+ Kf7 19. Bh6 Ng6 20. Be6+ 1-0

[Event "Festival B Giugno"]
[Site "Milano ITA"]
[Date "2014.05.29"]
[Round "1"]
[White "Colica, Daniele"]
[Black "Ceraulo, Carlo Alberto"]
[WhiteElo "1711"]
[BlackElo "1520"]
[Result "1-0"]
[PlyCount "47"]
[EventDate "2014.05.29"]

1. e4 c6 2. Nc3 d5 3. Nf3 dxe4 4. Nxe4 Bf5 5. Ng3 Bg6 6. h4 h6 7. Ne5 Bh7 8.
Qh5 g6 9. Bc4 e6 10. Qe2 Nf6 11. Nxf7 Qe7 12. Nxh8 Nd5 13. d3 Nd7 14. O-O O-O-O
15. Re1 e5 16. Qg4 Qf6 17. Nxg6 Bxg6 18. Be3 Nxe3 19. Rxe3 Qd6 20. Qe6 Kc7 21.
h5 Bh7 22. Rf3 Bg7 23. Rf7 Rg8 24. Re7 1-0

[Event "Festival B Giugno"]
[Site "Milano ITA"]
[Date "2014.05.29"]
[Round "1"]
[White "D'Aste, Federico"]
[Black "Carbone, Lorenzo"]
[WhiteElo "1473"]
[BlackElo "1654"]
[Result "0-1"]
[PlyCount "66"]
[EventDate "2014.05.29"]

1. e4 c5 2. Nc3 Nc6 3. g3 e6 4. Bg2 Nf6 5. Nge2 Be7 6. O-O d5 7. exd5 exd5 8.
h3 O-O 9. Nf4 d4 10. Ncd5 Nxd5 11. Nxd5 Bf6 12. Re1 Be6 13. Nf4 Bd7 14. Nd5 Bg5
15. d3 Bxc1 16. Rxc1 Bxh3 17. Be4 h6 18. g4 Qh4 19. Bf3 Rae8 20. Re4 Rxe4 21.
dxe4 Ne5 22. Nf4 Bxg4 23. Ng2 Nxf3+ 24. Qxf3 Qg5 25. Qf4 Re8 26. f3 Qxf4 27.
Nxf4 Bxf3 28. Kf2 Bxe4 29. Nh5 Bg6 30. Nf4 Re5 31. Nd3 Bxd3 32. cxd3 b6 33. Kf3
Re3+ 0-1

[Event "Festival B Giugno"]
[Site "Milano ITA"]
[Date "2014.05.29"]
[Round "1"]
[White "Greco, Giovanni"]
[Black "Carli, Federico"]
[WhiteElo "1439"]
[BlackElo "1579"]
[Result "0-1"]
[PlyCount "50"]
[EventDate "2014.05.29"]

1. d4 d5 2. c4 c6 3. Nc3 Nf6 4. Nf3 dxc4 5. e4 b5 6. Bg5 Bg4 7. Be2 Nbd7 8. O-O
h6 9. Bh4 g5 10. Bg3 Bg7 11. h4 Nh5 12. Bh2 Nf4 13. Bxf4 gxf4 14. Qd2 e5 15.
dxe5 Bxf3 16. Bxf3 Bxe5 17. Rad1 Nc5 18. Qxd8+ Rxd8 19. Rxd8+ Kxd8 20. Rd1+ Kc8
21. a3 a5 22. Rd2 Rd8 23. Rxd8+ Kxd8 24. Nd1 Nd3 25. Kf1 Nxb2 0-1

[Event "Festival B Giugno"]
[Site "Milano ITA"]
[Date "2014.05.29"]
[Round "1"]
[White "Maccari, Piergiuseppe"]
[Black "Verderame, Alberto"]
[WhiteElo "1630"]
[BlackElo "1460"]
[Result "1-0"]
[PlyCount "29"]
[EventDate "2014.05.29"]

1. Nf3 c6 2. g3 Nf6 3. Bg2 d5 4. O-O Bf5 5. d4 Nbd7 6. c4 dxc4 7. Na3 b5 8. Ne5
Nxe5 9. dxe5 Nd5 10. e4 Be6 11. exd5 Bxd5 12. Bxd5 cxd5 13. Nxb5 Qb8 14. Qxd5
Qd8 15. Qc6+ 1-0

[Event "Festival B Giugno"]
[Site "Milano ITA"]
[Date "2014.05.29"]
[Round "1"]
[White "Madaschi, Sergio"]
[Black "Poletto, Daniele"]
[WhiteElo "1522"]
[BlackElo "1744"]
[Result "0-1"]
[PlyCount "92"]
[EventDate "2014.05.29"]

1. e4 c5 2. Nf3 e6 3. d4 cxd4 4. Nxd4 a6 5. c4 Nf6 6. Bd3 Qc7 7. O-O Nc6 8.
Nxc6 dxc6 9. Nd2 e5 10. h3 Be6 11. Nf3 Bc5 12. Qe2 h6 13. Be3 Bxe3 14. Qxe3 O-O
15. Rfd1 Rfd8 16. Rd2 Rd7 17. Rad1 Rad8 18. b3 Nh5 19. Bc2 Rxd2 20. Rxd2 Rxd2
21. Qxd2 f6 22. Kh2 Nf4 23. Ng1 Qd7 24. Qxd7 Bxd7 25. g3 Ne6 26. Nf3 b6 27. Kg2
Kf7 28. h4 Nd4 29. Nxd4 exd4 30. f3 c5 31. a3 b5 32. Bd3 bxc4 33. bxc4 Ke6 34.
Kf2 Kd6 35. Ke2 Kc7 36. Kd2 Ba4 37. f4 Kd6 38. g4 Bd7 39. Be2 g5 40. hxg5 hxg5
41. fxg5 fxg5 42. Bf3 Ke5 43. Ke2 Kf4 44. Kf2 Bxg4 45. Bxg4 Kxg4 46. e5 Kf5 0-1

[Event "Festival B Giugno"]
[Site "Milano ITA"]
[Date "2014.05.29"]
[Round "1"]
[White "Pipitone, Filippo Massimo"]
[Black "Fantina, Carla"]
[WhiteElo "1556"]
[BlackElo "1425"]
[Result "1-0"]
[PlyCount "27"]
[EventDate "2014.05.29"]

1. d4 Nf6 2. Nf3 g6 3. Nc3 Bg7 4. e4 d6 5. Be2 c6 6. Be3 Qa5 7. Qd2 Ng4 8. Bf4
e5 9. dxe5 dxe5 10. Bg5 h5 11. h3 Nh6 12. O-O-O Be6 13. Qd8+ Qxd8 14. Rxd8# 1-0

[Event "Festival B Giugno"]
[Site "Milano ITA"]
[Date "2014.05.30"]
[Round "2"]
[White "Calabrese, Maurizio"]
[Black "D'Aste, Federico"]
[WhiteElo "1418"]
[BlackElo "1473"]
[Result "1-0"]
[PlyCount "71"]
[EventDate "2014.05.29"]

1. d4 Nf6 2. c4 g6 3. Nc3 d5 4. cxd5 Nxd5 5. e4 Nxc3 6. bxc3 Bg7 7. Bc4 O-O 8.
Ne2 c5 9. Be3 Nc6 10. d5 Ne5 11. Qb3 Nxc4 12. Qxc4 b6 13. Qb3 Bg4 14. Qc2 Bxe2
15. Kxe2 Qc7 16. Rad1 Rad8 17. Bc1 Rd7 18. f4 e6 19. Rhf1 exd5 20. exd5 Re8+
21. Kf2 Qb7 22. Kg1 Rxd5 23. Rde1 Red8 24. f5 Qc6 25. fxg6 hxg6 26. Bg5 Rxg5
27. Re7 f5 28. Re2 Rg4 29. Rfe1 Rc4 30. Qb3 b5 31. Re6 Qd7 32. Re7 Qc6 33. R1e6
Qc8 34. Rxg6 Rd7 35. Rgxg7+ Kh8 36. Rxd7 1-0

[Event "Festival B Giugno"]
[Site "Milano ITA"]
[Date "2014.05.30"]
[Round "2"]
[White "Campa, Livio"]
[Black "Pipitone, Filippo Massimo"]
[WhiteElo "1296"]
[BlackElo "1556"]
[Result "0-1"]
[PlyCount "38"]
[EventDate "2014.05.29"]

1. c4 e5 2. Nc3 Nc6 3. g3 g6 4. Bg2 Bg7 5. Nf3 d6 6. O-O Nge7 7. d3 O-O 8. Bg5
h6 9. Bxe7 Nxe7 10. d4 exd4 11. Nxd4 c6 12. e3 Nf5 13. Qe2 Nxd4 14. exd4 Bxd4
15. Rad1 Bg7 16. Ne4 Re8 17. Rxd6 Qxd6 18. Rd1 Qe7 19. c5 Bf5 0-1

[Event "Festival B Giugno"]
[Site "Milano ITA"]
[Date "2014.12.05"]
[Round "2"]
[White "Carbone, Lorenzo"]
[Black "Aloe, Giancarlo"]
[WhiteElo "1654"]
[BlackElo "1693"]
[Result "1/2-1/2"]
[PlyCount "47"]
[EventDate "2014.05.29"]

1. e4 c5 2. Nf3 e6 3. d4 cxd4 4. Nxd4 Nf6 5. Nc3 a6 6. Be2 Nc6 7. Be3 Be7 8.
O-O O-O 9. f4 d6 10. a3 Qc7 11. Qe1 b5 12. Bf3 Bb7 13. Qf2 Rac8 14. Rad1 Na5
15. Ndxb5 axb5 16. Bb6 Qb8 17. Bxa5 d5 18. Qe1 Qa7+ 19. Kh1 Qxa5 20. exd5 Nxd5
21. Bxd5 Bxd5 22. Nxd5 Qa7 23. Nxe7+ Qxe7 24. c3 1/2-1/2

[Event "Festival B Giugno"]
[Site "Milano ITA"]
[Date "2014.05.30"]
[Round "2"]
[White "Carli, Federico"]
[Black "Colica, Daniele"]
[WhiteElo "1579"]
[BlackElo "1711"]
[Result "1/2-1/2"]
[PlyCount "44"]
[EventDate "2014.05.29"]

1. e4 d5 2. exd5 Nf6 3. d4 Bg4 4. Nf3 Qxd5 5. Be2 Nc6 6. Nc3 Qh5 7. h3 O-O-O 8.
O-O e5 9. hxg4 Nxg4 10. Nh4 f5 11. Bxg4 fxg4 12. g3 Nxd4 13. Bd2 g5 14. Bxg5
Nf3+ 15. Nxf3 Rxd1 16. Raxd1 Bg7 17. Nxe5 Bxe5 18. Ne4 Qg6 19. Rfe1 Re8 20. Nf6
Bxf6 21. Rxe8+ Qxe8 22. Bxf6 b6 1/2-1/2

[Event "Festival B Giugno"]
[Site "Milano ITA"]
[Date "2014.05.30"]
[Round "2"]
[White "Fantina, Carla"]
[Black "Ceraulo, Carlo Alberto"]
[WhiteElo "1425"]
[BlackElo "1520"]
[Result "0-1"]
[PlyCount "50"]
[EventDate "2014.05.29"]

1. c4 c6 2. g3 d5 3. cxd5 cxd5 4. Bg2 Nf6 5. d4 Bf5 6. Nf3 e6 7. O-O Bd6 8. Nc3
Nc6 9. Qb3 Qc7 10. Nb5 Qd7 11. Nxd6+ Qxd6 12. Qa4 O-O 13. Nh4 Bg4 14. Re1 Rfc8
15. h3 Bh5 16. Bf4 Qb4 17. Qxb4 Nxb4 18. Rac1 Rxc1 19. Bxc1 Nxa2 20. g4 Rc8 21.
Bf4 Bg6 22. Nxg6 hxg6 23. Ra1 Nb4 24. Rxa7 Nc6 25. e3 Nxa7 0-1

[Event "Festival B Giugno"]
[Site "Milano ITA"]
[Date "2014.05.30"]
[Round "2"]
[White "Frignani, Alessandro"]
[Black "Greco, Giovanni"]
[WhiteElo "1416"]
[BlackElo "1439"]
[Result "0-1"]
[PlyCount "96"]
[EventDate "2014.05.29"]

1. e4 e5 2. Bc4 Nf6 3. Qf3 Nc6 4. Ne2 d6 5. h3 Bd7 6. Qd3 a6 7. Qb3 Qe7 8. Qxb7
Rc8 9. f3 a5 10. Nbc3 Qd8 11. Bd5 Rb8 12. Qa6 Nb4 13. Qxa5 Nxc2+ 14. Kd1 Nxa1
15. b3 c6 16. Qxd8+ Rxd8 17. Bc4 Rb8 18. Bb2 Nxb3 19. Bxb3 Be6 20. Kc2 Bxb3+
21. axb3 Ra8 22. d3 Kd7 23. Na4 Kc7 24. Nec3 Be7 25. g4 h6 26. Rd1 Rhb8 27. d4
exd4 28. Rxd4 Rb7 29. Ba3 Rab8 30. b4 Nd7 31. Rc4 Nb6 32. Nd5+ Nxd5 33. exd5 c5
34. bxc5 dxc5 35. Bxc5 Bxc5 36. Nxc5 Rb2+ 37. Kd3 Kd6 38. Ne4+ Kxd5 39. Rc5+
Ke6 40. Rc6+ Kd7 41. Rd6+ Ke7 42. Ke3 Rh2 43. Ra6 Rxh3 44. Ra7+ Kf8 45. Ra3 Re8
46. Kf2 Rxe4 47. Kg2 Rxg4+ 48. Kxh3 Rf4 0-1

[Event "Festival B Giugno"]
[Site "Milano ITA"]
[Date "2014.05.30"]
[Round "2"]
[White "Poletto, Daniele"]
[Black "Maccari, Piergiuseppe"]
[WhiteElo "1744"]
[BlackElo "1630"]
[Result "1/2-1/2"]
[PlyCount "67"]
[EventDate "2014.05.29"]

1. c4 e5 2. Nc3 Nf6 3. g3 c6 4. Nf3 d6 5. Bg2 Be7 6. d3 O-O 7. O-O h6 8. h3 Be6
9. a3 Qc7 10. Bd2 Rd8 11. Rc1 Nbd7 12. b4 d5 13. cxd5 Nxd5 14. Qc2 a5 15. Nxd5
Bxd5 16. Ne1 Bxg2 17. Nxg2 axb4 18. axb4 Qb6 19. Rb1 Qb5 20. Qc4 Qxc4 21. dxc4
Nb6 22. Bc3 Nxc4 23. b5 Nd2 24. Bxd2 Rxd2 25. bxc6 bxc6 26. Rbc1 Rxe2 27. Rxc6
Raa2 28. Rc8+ Bf8 29. Ne3 g6 30. Nd5 Red2 31. Nf6+ Kg7 32. Ne8+ Kh7 33. Nf6+
Kg7 34. Ne8+ 1/2-1/2

[Event "Festival B Giugno"]
[Site "Milano ITA"]
[Date "2014.05.30"]
[Round "2"]
[White "Rigotti, Gianluigi"]
[Black "Bracco, Valter"]
[WhiteElo "1616"]
[BlackElo "1481"]
[Result "1/2-1/2"]
[PlyCount "68"]
[EventDate "2014.05.29"]

1. e4 c5 2. g3 Nc6 3. Bg2 Nf6 4. Ne2 g6 5. O-O Bg7 6. c3 d6 7. d4 cxd4 8. cxd4
O-O 9. Nbc3 Bd7 10. b3 Qc8 11. Bb2 Bg4 12. f3 Bd7 13. Rc1 Qd8 14. d5 Ne5 15. h3
Be8 16. f4 Ned7 17. Nb5 Qb6+ 18. Nbd4 Nc5 19. Qc2 Bd7 20. Kh2 Rac8 21. Qb1 e6
22. dxe6 fxe6 23. e5 dxe5 24. fxe5 Nd5 25. Rxf8+ Rxf8 26. Ba3 Rc8 27. b4 Na4
28. Rxc8+ Bxc8 29. Qc2 Bd7 30. Nf3 Qc7 31. Ned4 Qxc2 32. Nxc2 Nab6 33. Bb2 Nc4
34. Bd4 b6 1/2-1/2

[Event "Festival B Giugno"]
[Site "Milano ITA"]
[Date "2014.03.31"]
[Round "3"]
[White "Aloe, Giancarlo"]
[Black "Maccari, Piergiuseppe"]
[WhiteElo "1693"]
[BlackElo "1630"]
[Result "0-1"]
[PlyCount "44"]
[EventDate "2014.05.29"]

1. d4 Nf6 2. Nf3 g6 3. g3 Bg7 4. Bg2 O-O 5. O-O d5 6. Nbd2 c5 7. c4 cxd4 8.
Nxd4 Nc6 9. Nxc6 bxc6 10. cxd5 cxd5 11. Nf3 Ne4 12. Qc2 Bf5 13. Qa4 Qb6 14. Be3
Qxb2 15. Nd4 Nc3 16. Qa6 Bxd4 17. Bh6 Qxe2 18. Qa5 Rfe8 19. Rae1 Bxf2+ 20. Rxf2
Qxe1+ 21. Bf1 Ne2+ 22. Rxe2 Qxa5 0-1

[Event "Festival B Giugno"]
[Site "Milano ITA"]
[Date "2014.05.31"]
[Round "3"]
[White "Bracco, Valter"]
[Black "Campa, Livio"]
[WhiteElo "1481"]
[BlackElo "1296"]
[Result "1-0"]
[PlyCount "101"]
[EventDate "2014.05.29"]

1. e4 c6 2. Nc3 d5 3. Nf3 Bg4 4. exd5 cxd5 5. h3 Bxf3 6. Qxf3 Nf6 7. d4 Nc6 8.
Bb5 e6 9. O-O Be7 10. Qg3 Bd6 11. Qxg7 Rg8 12. Qh6 Rg6 13. Qe3 Qd7 14. Bd3 Rg7
15. Qf3 Ne4 16. Nxe4 dxe4 17. Qxe4 O-O-O 18. c3 Rdg8 19. g3 f5 20. Qe2 Qe7 21.
Re1 Nd8 22. Bxf5 exf5 23. Qxe7 Bxe7 24. Bh6 Rf7 25. Bf4 Nc6 26. Rad1 Bg5 27.
Bxg5 Rxg5 28. d5 Nd8 29. c4 f4 30. g4 h5 31. f3 hxg4 32. hxg4 Rh7 33. Kg2 Kd7
34. Re4 Re7 35. Rxf4 Re2+ 36. Kg3 Rg7 37. Rb1 Rh7 38. g5 Rhh2 39. Kg4 Kd6 40.
b4 Rhg2+ 41. Kh5 Re5 42. Rg4 Rxa2 43. f4 Re4 44. g6 Rxc4 45. g7 Rh2+ 46. Kg6
Rxf4 47. Rxf4 Rg2+ 48. Kh7 Rh2+ 49. Kg8 Ke5 50. Rf8 Ne6 51. dxe6 1-0

[Event "Festival B Giugno"]
[Site "Milano ITA"]
[Date "2014.05.31"]
[Round "3"]
[White "Ceraulo, Carlo Alberto"]
[Black "Calabrese, Maurizio"]
[WhiteElo "1520"]
[BlackElo "1418"]
[Result "1/2-1/2"]
[PlyCount "91"]
[EventDate "2014.05.29"]

1. d4 c6 2. c4 d5 3. Nc3 e6 4. cxd5 exd5 5. Bf4 Nf6 6. e3 Bf5 7. Nf3 Bd6 8.
Bxd6 Qxd6 9. Nh4 Bg4 10. Nf3 O-O 11. Be2 Nbd7 12. O-O Rfe8 13. Qd2 h6 14. Rfc1
Ne4 15. Qc2 Qf6 16. a4 Rac8 17. b4 Nb6 18. Qd1 Nd7 19. b5 Nxc3 20. Rxc3 c5 21.
Rac1 c4 22. h3 Bf5 23. Ne1 Nf8 24. Nc2 Ne6 25. Nb4 Nc7 26. Bf3 Rcd8 27. a5 Be4
28. Bxe4 Rxe4 29. Qa4 Qe6 30. a6 bxa6 31. Nxa6 Nxa6 32. bxa6 Rb8 33. Qa3 Qd7
34. Qc5 Re6 35. Ra1 Rb5 36. Qa3 Reb6 37. Kh2 Rb2 38. Ra2 R2b4 39. Rcc2 Qd6+ 40.
g3 Qb8 41. Rc3 Rb2 42. Kg2 R6b3 43. Rxb2 Rxb2 44. Kf3 Rb3 45. Rxb3 Qxb3 46. Qc5
1/2-1/2

[Event "Festival B Giugno"]
[Site "Milano ITA"]
[Date "2014.05.31"]
[Round "3"]
[White "Colica, Daniele"]
[Black "Carbone, Lorenzo"]
[WhiteElo "1711"]
[BlackElo "1654"]
[Result "1/2-1/2"]
[PlyCount "48"]
[EventDate "2014.05.29"]

1. e4 c5 2. Nf3 d6 3. d4 cxd4 4. Qxd4 e6 5. Nc3 a6 6. Be3 Nc6 7. Qd2 Nf6 8. h3
b5 9. a3 Be7 10. O-O-O Bb7 11. g4 h6 12. Be2 Rc8 13. Rdg1 Na5 14. h4 Nxe4 15.
Nxe4 Bxe4 16. Kd1 Rxc2 17. Qd4 d5 18. g5 hxg5 19. hxg5 Rg8 20. Nh4 Bc5 21. Qe5
Bd6 22. Qd4 Bc5 23. Qe5 Bd6 24. Qd4 Bc5 1/2-1/2

[Event "Festival B Giugno"]
[Site "Milano ITA"]
[Date "2014.05.31"]
[Round "3"]
[White "D'Aste, Federico"]
[Black "Fantina, Carla"]
[WhiteElo "1473"]
[BlackElo "1425"]
[Result "1/2-1/2"]
[PlyCount "70"]
[EventDate "2014.05.29"]

1. e4 d6 2. d4 Nf6 3. Nc3 g6 4. f4 Bg7 5. Nf3 O-O 6. Bd3 c5 7. e5 Nfd7 8. Be3
cxd4 9. Bxd4 Nc5 10. Be2 Nc6 11. Bxc5 dxc5 12. Qd5 Qa5 13. O-O-O Be6 14. Qe4
Rfd8 15. Qa4 Qxa4 16. Nxa4 b6 17. Kb1 Bf5 18. Nc3 Nb4 19. Ne1 Rxd1+ 20. Nxd1
Rd8 21. a3 Nc6 22. Nf3 Bh6 23. g3 Be4 24. Rf1 Bxf3 25. Bxf3 Nd4 26. Bg2 f6 27.
c3 Nb3 28. Ka2 c4 29. Ne3 b5 30. exf6 exf6 31. Bc6 a6 32. Bb7 Rd6 33. Rd1 Rxd1
34. Nxd1 Nc5 35. Bd5+ Kf8 1/2-1/2

[Event "Festival B Giugno"]
[Site "Milano ITA"]
[Date "2014.05.31"]
[Round "3"]
[White "Di Paola, Antonio"]
[Black "Carli, Federico"]
[WhiteElo "1697"]
[BlackElo "1579"]
[Result "1-0"]
[PlyCount "73"]
[EventDate "2014.05.29"]

1. d4 d5 2. c4 c6 3. cxd5 cxd5 4. Nf3 Nf6 5. Nc3 Nc6 6. Bf4 Bf5 7. e3 e6 8. Bd3
Bxd3 9. Qxd3 Bd6 10. Bxd6 Qxd6 11. O-O O-O 12. Rac1 Rac8 13. a3 a6 14. Na4 Nd7
15. Nc5 Rc7 16. Rc2 Rfc8 17. Rfc1 h6 18. h3 Na5 19. Nxd7 Qxd7 20. Ne5 Qd6 21.
b4 Nc6 22. Nxc6 Rxc6 23. Qb3 b5 24. Rc5 Rxc5 25. bxc5 Qe7 26. Rb1 Qd7 27. Qb4
Qc6 28. Qa5 Rb8 29. a4 Kf8 30. Rb4 Ke7 31. axb5 axb5 32. Qa7+ Rb7 33. Qa8 f6
34. Qg8 g5 35. Qg7+ Ke8 36. Qxf6 Rf7 37. Qxh6 1-0

[Event "Festival B Giugno"]
[Site "Milano ITA"]
[Date "2014.05.31"]
[Round "3"]
[White "Greco, Giovanni"]
[Black "Rigotti, Gianluigi"]
[WhiteElo "1439"]
[BlackElo "1616"]
[Result "0-1"]
[PlyCount "60"]
[EventDate "2014.05.29"]

1. d4 Nf6 2. c4 e6 3. Nc3 d5 4. Nf3 Bb4 5. Bg5 c6 6. a3 Bxc3+ 7. bxc3 dxc4 8.
e4 Qa5 9. Bxf6 Qxc3+ 10. Ke2 gxf6 11. g3 b5 12. Bg2 Bb7 13. Qb1 a5 14. Rc1 Qb3
15. a4 Qxb1 16. Raxb1 b4 17. Ke3 Ba6 18. Nd2 c3 19. Nb3 Bc4 20. Na1 Ba2 21. Rb3
Bxb3 22. Nxb3 Nd7 23. Kd3 Ke7 24. f4 Rhc8 25. e5 fxe5 26. fxe5 Ra7 27. Kc2 c5
28. dxc5 Nxc5 29. Nxc5 Rxc5 30. Be4 Rxe5 0-1

[Event "Festival B Giugno"]
[Site "Milano ITA"]
[Date "2014.05.31"]
[Round "3"]
[White "Pipitone, Filippo Massimo"]
[Black "Poletto, Daniele"]
[WhiteElo "1556"]
[BlackElo "1744"]
[Result "0-1"]
[PlyCount "44"]
[EventDate "2014.05.29"]

1. d4 Nf6 2. Nf3 g6 3. Nc3 d5 4. Bf4 Bg7 5. e3 Nbd7 6. Nb5 e5 7. Nxe5 Nh5 8.
Nxf7 Kxf7 9. Bxc7 Qe7 10. Qf3+ Nhf6 11. Bd6 Qe6 12. Bg3 Qb6 13. b3 a6 14. Nc7
Qb4+ 15. Kd1 Nb6 16. h3 Qc3 17. Rc1 Ra7 18. a4 Bf5 19. Qe2 Rc8 20. a5 Nbd7 21.
Qd2 Rxc7 22. Bxc7 Qxc7 0-1

[Event "Festival B Giugno"]
[Site "Milano ITA"]
[Date "2014.05.31"]
[Round "3"]
[White "Verderame, Alberto"]
[Black "Longo, Giovanni"]
[WhiteElo "1460"]
[BlackElo "1644"]
[Result "0-1"]
[PlyCount "58"]
[EventDate "2014.05.29"]

1. Nf3 d5 2. d4 Nf6 3. c3 c6 4. b3 e6 5. Bb2 Nbd7 6. Nbd2 Bd6 7. e3 O-O 8. Bd3
Re8 9. O-O e5 10. dxe5 Nxe5 11. Nxe5 Bxe5 12. Nf3 Bg4 13. Be2 Bd6 14. c4 Ne4
15. Qc2 dxc4 16. bxc4 Qc7 17. g3 Bh3 18. Rfd1 Re6 19. Nd2 Nxg3 20. Nf1 Nxf1 21.
Bxf1 Bxh2+ 22. Kh1 Bxf1 23. Rxf1 Rh6 24. Kg2 Qd7 25. Kf3 Rd6 26. Qc3 f6 27. Qc2
Rd2 28. Qb3 Qh3+ 29. Ke4 Re8+ 0-1

[Event "Festival B Giugno"]
[Site "Milano ITA"]
[Date "2014.06.01"]
[Round "4"]
[White "Calabrese, Maurizio"]
[Black "Greco, Giovanni"]
[WhiteElo "1418"]
[BlackElo "1439"]
[Result "0-1"]
[PlyCount "32"]
[EventDate "2014.05.29"]

1. d4 d5 2. c4 c6 3. Nc3 Nf6 4. e3 g6 5. cxd5 cxd5 6. Nf3 Bg7 7. Bd3 O-O 8. O-O
Nc6 9. a3 Bg4 10. h3 Bxf3 11. Qxf3 e6 12. Bd2 Re8 13. Ne2 Rc8 14. a4 e5 15.
dxe5 Nxe5 16. Qg3 Nxd3 0-1

[Event "Festival B Giugno"]
[Site "Milano ITA"]
[Date "2014.06.01"]
[Round "4"]
[White "Campa, Livio"]
[Black "Frignani, Alessandro"]
[WhiteElo "1296"]
[BlackElo "1416"]
[Result "0-1"]
[PlyCount "80"]
[EventDate "2014.05.29"]

1. c4 e5 2. Nc3 Bc5 3. g3 Qf6 4. Nf3 Ne7 5. Bg2 Qb6 6. O-O f6 7. e3 Nbc6 8. a3
a5 9. d3 g6 10. Ne4 O-O 11. Nh4 d5 12. cxd5 Nxd5 13. Re1 Be6 14. Qc2 Bd6 15.
Qc4 Nf4 16. Qc2 Bb3 17. Qc3 Nd5 18. Qd2 Be7 19. Nc3 Nxc3 20. bxc3 a4 21. Rb1 f5
22. Nf3 Rad8 23. c4 Qc5 24. Bb2 Bxc4 25. d4 exd4 26. exd4 Qd6 27. Rbc1 b5 28.
Qe3 Rfe8 29. Rcd1 Kf8 30. Qh6+ Kg8 31. d5 Bf8 32. Rxe8 Rxe8 33. Qd2 Nd8 34. Ng5
Bg7 35. Ne6 Nxe6 36. dxe6 Qxd2 37. Rxd2 Bxb2 38. Rxb2 Rxe6 39. Rd2 Re1+ 40. Bf1
Bxf1 0-1

[Event "Festival B Giugno"]
[Site "Milano ITA"]
[Date "2014.06.01"]
[Round "4"]
[White "Carbone, Lorenzo"]
[Black "Bracco, Valter"]
[WhiteElo "1654"]
[BlackElo "1481"]
[Result "1-0"]
[PlyCount "49"]
[EventDate "2014.05.29"]

1. e4 c5 2. Nf3 e6 3. d4 cxd4 4. Nxd4 a6 5. Be2 b5 6. a3 Bb7 7. Nc3 Nc6 8. Nb3
d6 9. O-O Nf6 10. Be3 Be7 11. f4 O-O 12. Qe1 d5 13. Rd1 Na5 14. Nxa5 Qxa5 15.
Nxd5 Bd8 16. Nxf6+ gxf6 17. Bd3 Qc7 18. f5 e5 19. Bh6 Qc5+ 20. Kh1 Kh8 21. Bxf8
Qxf8 22. Rf3 Bb6 23. Qh4 Rd8 24. Qxf6+ Qg7 25. Qxb6 1-0

[Event "Festival B Giugno"]
[Site "Milano ITA"]
[Date "2014.06.01"]
[Round "4"]
[White "Carli, Federico"]
[Black "Aloe, Giancarlo"]
[WhiteElo "1579"]
[BlackElo "1693"]
[Result "1-0"]
[PlyCount "23"]
[EventDate "2014.05.29"]

1. e4 c5 2. c3 Nf6 3. e5 Nd5 4. d4 e6 5. Nf3 Nc6 6. Be2 Be7 7. O-O O-O 8. c4
Nb6 9. d5 exd5 10. cxd5 Nb4 11. d6 Bh4 12. g3 1-0

[Event "Festival B Giugno"]
[Site "Milano ITA"]
[Date "2014.01.06"]
[Round "4"]
[White "Fantina, Carla"]
[Black "Madaschi, Sergio"]
[WhiteElo "1425"]
[BlackElo "1522"]
[Result "0-1"]
[PlyCount "50"]
[EventDate "2014.05.29"]

1. c4 b6 2. Nf3 Bb7 3. d4 e6 4. Nc3 Bb4 5. Bd2 Nf6 6. a3 Be7 7. e3 c5 8. Be2
cxd4 9. exd4 O-O 10. O-O d6 11. h3 Nbd7 12. Be3 d5 13. Nd2 Re8 14. Bf3 Nf8 15.
Rc1 Qd7 16. Ne2 Rac8 17. b4 dxc4 18. Nxc4 Bxf3 19. gxf3 Ng6 20. Ng3 Qb7 21. Qe2
Qa6 22. Rfe1 Red8 23. f4 Nd5 24. f5 Ngf4 25. fxe6 Nxe2+ 0-1